[Event "Landesliga Sued U20 1819"]
[Site "Bayern"]
[Date "2018.12.08"]
[Round "3.3"]
[White "Muhina, Liana"]
[Black "Bloch, Daniel"]
[Result "1-0"]
[WhiteElo "1228"]
[BlackElo "1319"]
[PlyCount "51"]
[EventDate "2018.11.17"]
[EventType "team-tourn"]
[EventRounds "7"]
[EventCountry "GER"]
[SourceTitle "EXT 2022"]
[Source "ChessBase"]
[SourceDate "2021.10.06"]
[SourceVersion "1"]
[SourceVersionDate "2021.10.06"]
[SourceQuality "1"]
[WhiteTeam "Garching U20"]
[BlackTeam "Muenchen Tarrasch U20"]
[WhiteTeamCountry "GER"]
[BlackTeamCountry "GER"]

1. e4 e5 2. Nf3 Nc6 3. d4 exd4 4. Nxd4 Bc5 5. Nxc6 Qf6 6. Qf3 Qxc6 7. Bc4 Bxf2+ 8. Kxf2 Qxc4 9. Nc3 Nf6 10. Rf1 d6 11. Kg1 Bg4 12. Qg3 0-0-0 13. Bg5 Qc5+ 14. Be3 Qe5 15. Qh4 h6 16. Rxf6 gxf6 17. Qxg4+ Kb8 18. Rd1 Rhg8 19. Qf3 Rg6 20. Bd4 Qe6 21. Nd5 c6 22. Nxf6 c5 23. Bc3 b5 24. b3 Rh8 25. Nd7+ Qxd7 26. Bxh8 1-0

[Event "Landesliga U20 Sued 1718"]
[Site "Bayern"]
[Date "2018.01.27"]
[Round "5.3"]
[White "Russakis, Anthimos"]
[Black "Bloch, Daniel"]
[Result "0-1"]
[WhiteElo "1489"]
[BlackElo "1322"]
[PlyCount "50"]
[EventDate "2017.11.18"]
[EventType "team-tourn"]
[EventRounds "7"]
[EventCountry "GER"]
[SourceTitle "EXT 2022"]
[Source "ChessBase"]
[SourceDate "2021.10.06"]
[SourceVersion "1"]
[SourceVersionDate "2021.10.06"]
[SourceQuality "1"]
[WhiteTeam "Dorfen PSV U20"]
[BlackTeam "Muenchen Tarrasch U20"]
[WhiteTeamCountry "GER"]
[BlackTeamCountry "GER"]

1. Nf3 Nc6 2. d4 d5 3. g3 Nf6 4. Bg2 e6 5. 0-0 Be7 6. c4 dxc4 7. Qa4 0-0 8. Qxc4 Bd7 9. Rd1 a6 10. Ne5 Nxe5 11. dxe5 Nd5 12. Bxd5 exd5 13. Rxd5 Be6 14. Rxd8 Bxc4 15. Rxa8 Rxa8 16. Nc3 Bb4 17. e3 Rd8 18. Kg2 Rd3 19. Na4 h5 20. a3 Be1 21. Nc5 Rd1 22. b3 Bc3 23. Rb1 Bf1+ 24. Kf3 Bd2 25. h4 Rxc1 0-1

[Event "GER-chT U12"]
[Site "Magdeburg"]
[Date "2017.12.29"]
[Round "5.2"]
[White "Lerchl, Clemens"]
[Black "Bloch, Daniel"]
[Result "1-0"]
[WhiteElo "1527"]
[BlackElo "1408"]
[PlyCount "75"]
[EventDate "2017.12.26"]
[EventType "team-swiss"]
[EventRounds "7"]
[EventCountry "GER"]
[SourceTitle "CBM 182 Extra"]
[Source "ChessBase"]
[SourceDate "2018.02.23"]
[SourceVersion "1"]
[SourceVersionDate "2018.02.23"]
[SourceQuality "1"]
[WhiteTeam "Vaterstetten"]
[BlackTeam "Muenchen Tarrasch"]
[WhiteTeamCountry "GER"]
[BlackTeamCountry "GER"]

1. e4 e5 2. Nf3 Nc6 3. Bb5 a6 4. Ba4 Nf6 5. 0-0 d6 6. Re1 Be7 7. c3 Bg4 8. d3 0-0 9. Nbd2 b5 10. Bc2 d5 11. h3 Bh5 12. exd5 Qxd5 13. Ne4 Nxe4 14. Rxe4 f5 15. Bb3 Bxf3 16. Bxd5+ Kh8 17. gxf3 fxe4 18. Bxc6 Rad8 19. Bxe4 c5 20. Kg2 Rd6 21. Be3 Rd7 22. Qc2 Rfd8 23. Rd1 c4 24. d4 exd4 25. Rxd4 Rxd4 26. Bxd4 h6 27. Kf1 b4 28. Qd2 Bg5 29. f4 bxc3 30. bxc3 Bf6 31. f5 Bg5 32. f4 Bf6 33. Qe3 Bh4 34. Qg1 Rd7 35. Qg6 a5 36. Qe8+ Kh7 37. f6+ g6 38. Bxg6# 1-0

[Event "GER-chT U12"]
[Site "Magdeburg"]
[Date "2017.12.28"]
[Round "3.2"]
[White "Wusterack, Paul"]
[Black "Bloch, Daniel"]
[Result "1-0"]
[WhiteElo "1432"]
[BlackElo "1408"]
[PlyCount "103"]
[EventDate "2017.12.26"]
[EventType "team-swiss"]
[EventRounds "7"]
[EventCountry "GER"]
[SourceTitle "CBM 182 Extra"]
[Source "ChessBase"]
[SourceDate "2018.02.23"]
[SourceVersion "1"]
[SourceVersionDate "2018.02.23"]
[SourceQuality "1"]
[WhiteTeam "Lueneburg Turm"]
[BlackTeam "Muenchen Tarrasch"]
[WhiteTeamCountry "GER"]
[BlackTeamCountry "GER"]

1. d4 d5 2. c3 e6 3. e3 Nf6 4. Bd3 c5 5. f4 Nc6 6. Nf3 Be7 7. 0-0 Bd7 8. Ne5 0-0 9. Nd2 a6 10. Qe2 Na7 11. Ndf3 Bc6 12. Nxc6 Nxc6 13. Ne5 Nd7 14. Rf3 f6 15. Rh3 g6 16. Nxg6 Rf7 17. Nxe7+ Qxe7 18. Qg4+ Kh8 19. Qe2 f5 20. Rg3 c4 21. Bc2 Rg7 22. Rxg7 Qxg7 23. Bd2 Rg8 24. Rf1 Nf6 25. Rf3 Ne7 26. Rg3 Qf7 27. Rxg8+ Qxg8 28. Be1 Qg4 29. Bd1 h5 30. Qxg4 hxg4 31. Bh4 Neg8 32. Be1 Kh7 33. h3 Nh6 34. Bh4 Ne4 35. Bg5 g3 36. Bh4 Nf7 37. Kf1 Nh8 38. Bf3 Ng6 39. Bxe4 Nxh4 40. Bf3 Kg6 41. b3 Nxf3 42. gxf3 Kh5 43. bxc4 dxc4 44. e4 Kh4 45. d5 Kxh3 46. Kg1 fxe4 47. fxe4 Kg4 48. d6 Kxf4 49. d7 Kxe4 50. d8Q e5 51. Kg2 Kf4 52. Qh4+ 1-0